00291nam a2200121Ia 4500008004100000100001700041245003700058260003200095300000800127650001000135942000700145999001700152190216s9999||||xx |||||||||||||| ||und|| aThushar Hosh 0aHindi-Pashe Him Ghsat Ka Janklin bDuke University Pressc2006 a158 aHindi cBK c16733d16733